000 01557cam a2200421 a 4500
999 _c233356
_d233356
001 16418623
003 Nust
005 20170307111329.0
008 100816s2010 enka b 001 0 eng c
010 _a 2010487075
015 _aGBB000104
_2bnb
016 7 _a101521874
_2DNLM
016 7 _a015452272
_2Uk
020 _a9780853697220
020 _a978-0-85369-722-0
035 _a(OCoLC)ocn488979418
040 _aNLM
_cNLM
_dEQO
_dUKM
_dCUD
_dYDXCP
_dBTCTA
_dBAKER
_dVRC
_dDLC
042 _apcc
050 0 0 _aRM301.4
_b.M65 2010
060 0 0 _a2010 A-013
060 1 0 _aQV 38
_bM7185 2010
082 0 0 _a615.1/9
_223
245 0 0 _aMolecular biopharmaceutics :
_baspects of drug characterisation, drug delivery, and dosage form evaluation /
_cedited by Bente Steffansen, Birger Brodin, Carsten Uhd Nielsen.
260 _aLondon ;
_aGrayslake, IL :
_bPharmaceutical Press,
_c2010.
300 _axviii, 371 p. :
_bill. ;
_c25 cm.
490 0 _aULLA pharmacy series
504 _aIncludes bibliographical references and index.
650 0 _aBiopharmaceutics.
650 0 _aPharmaceutical chemistry.
650 0 _aDrug development.
650 1 2 _aBiopharmaceutics.
650 2 2 _aChemistry, Pharmaceutical.
650 2 2 _aDrug Discovery.
700 1 _aSteffansen, Bente.
700 1 _aBrodin, Birger.
700 1 _aNielsen, Carsten Uhd.
906 _a7
_bcbc
_cpccadap
_d2
_encip
_f20
_gy-gencatlg
942 _2ddc
_cBK